| 000 | 00973nam a22002897i 4500 | ||
|---|---|---|---|
| 003 | EG-GICUC | ||
| 005 | 20260121101659.0 | ||
| 008 | 260107s1906 uk ||||fr|||| 001 0 eng d | ||
| 040 |
_aEG-GiCUC _beng _cEG-GiCUC _dEG-GiCUC _erda |
||
| 041 | _aeng | ||
| 082 | 0 | 4 |
_221 _a341.6047 _bHE . I |
| 092 | 0 | 4 | _221 |
| 099 | _aLaw1 11 341.6047 HE . I 1906 | ||
| 100 | 1 |
_aHershey, Amos S., _eAuthor. |
|
| 245 | 1 | 4 |
_a The International Law And Diplomacy Of The Russo-japanese War / _cBy Amos S. Hershey |
| 264 | 1 |
_aLondon ; _aNew York : _bMacmillan, _c1906. |
|
| 300 |
_axii, 394 pages ; _c24 cm. |
||
| 336 |
_2rda content _atext |
||
| 337 |
_2rda media _aComputer |
||
| 338 |
_2rda carrier _aOnline Resource |
||
| 504 | _aIncludes bibliographical references and index | ||
| 546 | _aText in English | ||
| 650 | 1 |
_aMilitary law _xPublic international law _zJapan _zRussia |
|
| 856 | 4 | 0 | _uhttps://fll.law.cu.edu.eg/fulltext/bks/B11-06848.pdf |
| 905 | _a75 | ||
| 942 |
_2ddc _cBK _e21 _n0 |
||
| 999 |
_c55299 _d55299 |
||